Регионална библиотека "Любен Каравелов" - Русе

Обещание (Запис номер 172994)

MARC детайли
000 -Лидер
Контролно поле с фиксирана дължина 01344nam a2200385 c 4500
003 - Код на организацията, давaща контролен номер
Контролно поле BLK
005 - Дата и час на последна редакция
Контролно поле 20250325110032.0
008 - Елементи от данни с фиксирана дължина
fixed length control field 180411b bul|||||r ||||||| ||bul||
010 ## - Наследен системен номер
LC control number KNG00181368000
020 ## - Международен стандартен номер на книга ISBN
Международен стандартен номер на книга ISBN 978-619-151-245-4
040 ## - Източник на каталожния запис
Идентификатор на билиотеката - собственик на записа BLK
041 ## - Код за език
Код за езика на текст/звукозапис или на отделно заглавие Български
Код за езика КДБФ Български
072 #7 - Код за тематичната категория
Код организация bullib
Код за тематична категория Н83
Текст Чужда художествена литература Н
080 ## - УДК
Текстов определител УДК Американска литература (на САЩ)
УДК код - определител по УДК 821.111(73)
УДК определител -31
УДК - код + определител 821.111(73)-31
100 1# - Редна дума - Автор
Автор Хали, Карина
Авторска отговорност първи автор
R(LIN) 135899
139 ## - Редно поле
Редна дума Хали, Карина
Авторски знак Хал - Х 23
245 10 - Сведения за заглавието
Заглавие Обещание
Подзаглавни данни Роман
Редно поле (дума) Карина Хали; прев. Милена Радева.
257 ## - Страна на издаване
Страна на създаване/издаване Съединени американски щати
260 ## - Област на издателските данни
Име на издателя, разпространителя и проч. СофтПрес
Година на издаване 2015
Печатница Добрич : ФолиАрт
300 ## - Физическа характеристика
Страници 320 с.
Размери/Мащаб 20 см
380 ## - Жанр
Жанр Худож. лит.
500 ## - Общи забележки
Забележка Ориг. загл. The Pact / Karina Halle. - Съдържа и за авт.
653 ## - Ключова дума – ненормативна
Ключова дума романи
659 ## - Тематичен бюлетин
Тематичен бюлетин Н
700 1# - Други автори (авторска отговорност)
Лично име Радева, Милена
Автороска отговорност (Описва отношението между автора и произведението) прев.
9 (RLIN) 369662
852 ## - Местоположение
Форматна сигнатура Цб 276618
856 4# - Електронен адрес и достъп
Електронен формат pdf - файл
856 4# - Електронен адрес и достъп
Електронен формат pdf - файл
999 ## - СИСТЕМНИ КОНТРОЛНИ НОМЕРА
Koha biblionumber 172994
Koha biblioitemnumber 172994
942 ## - АРТИКУЛИ
Вид на библиотечния материал Книги
Скрит в OPAC Не
Koha issues (borrowed), all copies 45
944 ## - СЪЗДАВАНЕ И РЕДАКЦИЯ на ЗАПИСА
Създаване/Редакция Създаване
Дата на регистрацията/редакция 09.09.2015
Статус, дата на статуса Цветомила Тодорова
Служител, извършил регистрацията/редакцията 30576
944 ## - СЪЗДАВАНЕ И РЕДАКЦИЯ на ЗАПИСА
Създаване/Редакция Редакция
Дата на регистрацията/редакция 28.09.2016
Статус, дата на статуса ф /
Служител, извършил регистрацията/редакцията Людмила_Стоянова
999 ## - СИСТЕМНИ КОНТРОЛНИ НОМЕРА
Koha biblioitemnumber 172994
999 ## - СИСТЕМНИ КОНТРОЛНИ НОМЕРА
Koha biblioitemnumber 172994
999 ## - СИСТЕМНИ КОНТРОЛНИ НОМЕРА
Koha biblioitemnumber 172994
Наличности
Код за отписване Код за изгубен артикул Код за повреда Коз за рестрикции Код за отдаване Артикулен № Име на библиотеката - собственик Име на библиотеката, в която се намира в момента Статус (Текущо местоположение) Дата на вписване в системата Местоположение - отдел Цена в лева Инвентарен номер Систематично азбучна сигнатура Баркод Номер на екземпляра Цена в евро Служебна бележка Служебен тип на артикула Източник на класификационната схема
  Не е изгубен Не е повреден без рестрикции заемане за дома 295168 Регионална библиотека "Любен Каравелов" Русе Регионална библиотека "Любен Каравелов" Русе Заемна - подръчен фонд 2015-09-10 Заемна - подръчен фонд 12.47 120000792085 П 820(73)-31/Х 23 120000792085 1 6.38 Дост: Pk Вид: Ф N: 534 Дата: 03.09.2015 Книги  
  Не е изгубен Не е повреден без рестрикции ползва се в читалня 295169 Регионална библиотека "Любен Каравелов" Русе Регионална библиотека "Любен Каравелов" Русе Хранилище 2016-09-13 Хранилище 15.99 120000803760 Цб 276618 120000803760 2 8.18 Дост: Dp Вид: Д N: 31 Дата: 29.06.2016 Книги  
  Не е изгубен Не е повреден   заемане за дома 677814 Регионална библиотека "Любен Каравелов" Русе Регионална библиотека "Любен Каравелов" Русе Заемна - подръчен фонд 2018-06-21 Заемна - подръчен фонд 15.99 120000821615 П 820(73)-31/Х 23 120000821615   8.18   Книги Universal Decimal Classification
Vip Innovations Ltd, Rousse, Bulgaria 2025